Regulations governing supervising and investigating officers of Indian Service.

Bibliographic Details
Corporate Author: United States. Office of Indian Affairs
Format: Government Document eBook
Language:English
Published: Washington : U.S. GPO, 1913.
Subjects:
Online Access:Connect to the full text of this electronic document

MARC

Tag First Indicator Second Indicator Subfields
LEADER 00000cam a22000001a 4500
001 in00003697613
005 20190408183318.0
006 m o d f
007 cr bn mmmapmmp
008 040322s1913 dcu o f000 0 eng d
035 |a ebd1910402920 
040 |a UMI  |c UMI  |d UtOrBLW 
086 0 |a I 20.12:Of 2 
099 |a I20.12-88 
245 0 0 |a Regulations governing supervising and investigating officers of Indian Service. 
264 1 |a Washington :  |b U.S. GPO,  |c 1913. 
300 |a 1 online resource (19 pages) 
336 |a text  |b txt  |2 rdacontent 
337 |a computer  |b c  |2 rdamedia 
338 |a online resource  |b cr  |2 rdacarrier 
500 |a [text]. 
500 |a Record is based on bibliographic data in ProQuest U.S. Executive Branch Documents, 1910-1932. Reuse except for individual research requires license from ProQuest, LLC. 
533 |a Electronic reproduction.  |b [Bethesda, Md.] :  |c ProQuest,  |d 2012.  |e digital, PDF file.  |n ProQuest U.S. Executive Branch Documents, 1910-1932.  |n Mode of access: World Wide Web via ProQuest website. 
538 |a System requirements: PDF reader software. 
500 |a Electronic resource. 
610 1 0 |a United States.  |b Office of Indian Affairs.  |0 http://id.loc.gov/authorities/names/n83125651 
655 7 |a Electronic books.  |2 local 
710 1 |a United States.  |b Office of Indian Affairs.  |0 http://id.loc.gov/authorities/names/n83125651 
776 1 8 |i Microfiche version:  |t Regulations governing supervising and investigating officers of Indian Service  |o CIS US Exec MF I20.12-88  |w (ProQuest)cis19141930 
856 4 0 |u http://proxy.library.tamu.edu/login?url=http://congressional.proquest.com/congressional/docview/t66.d71.i20.12-88  |z Connect to the full text of this electronic document  |t 0 
999 f f |s 4297f471-3c14-3b7a-ad91-406464209a1d  |i a01ed61c-9a57-3926-927f-39dea93b710b  |t 0 
952 f f |a Texas A&M University  |b College Station  |c Electronic Resources  |d Available Online  |t 0  |h No information provided 
998 f f |t 0  |l Available Online